| 000 | 00486 a2200169 4500 | ||
|---|---|---|---|
| 020 | _a9780470745687 | ||
| 040 |
_aDLC _bDLC |
||
| 082 | _a621.38456 | ||
| 100 | _aTaha, Abd-Elhamid M. | ||
| 110 | _aNajah Abu Ali | ||
| 245 |
_aLTE, LTE-advanced and WiMAX : towards IMT-advanced networks _cAbd-Elhamid M. Taha |
||
| 260 |
_aUK _bWiley _c2012 |
||
| 300 | _a275 p. | ||
| 650 | _aLong-Term Evolution (Telecommunications) | ||
| 700 | _aAbd-Elhamid M. Taha | ||
| 942 |
_cBK _k621.38456 TAH _2ddc |
||
| 999 |
_c10778 _d10778 |
||